Normal view
MARC view
- Jalisco
Entry Nombre Geográfico
001 - NÚMERO DE CONTROL
- campo de control: 14973
003 - IDENTIFICADOR DE NUMERO DE CONTROL
- campo de control: MX-MxUPN
005 - FECHA Y HORA DE LA ÜLTIMA TRANSACCIÓN
- campo de control: 20230526131356.0
008 - DATOS DE LONGITUD FIJA
- campo de control de longitud fija: 230526nn fcznnbaba n ana |d
035 ## - NÚMERO DE CONTROL
- Número de control: UPN10000014981
040 ## - FUENTE DE CATALOGACIÓN
- Lenguaje de catalogación: spa
- Agencia de catalogación original: MX-MxUPN
151 ## - ENCABEZAMIENTO - NOMBRE GEOGRÁFICO
- Nombre geográfico: Jalisco
- Subdivisión general : Descripción y viajes
670 ## - FUENTE EN LA QUE SE LOCALIZARON DATOS
- Cita de la fuente: Escamilla González, G. Lista de encabezamientos de materia, 1978 :
- Información localizada: página 483 (Jalisco -- Descripción y viajes)
902 ## - CATALOGADOR
- Catalogador: BEC/190696
- Catalogador: VíctorGodínez/260523
